hiéroglyphes : unilitères (2/2) - Statistiques

Statistiques générales
  • Ce quiz a été pris 135 fois
    56 depuis la dernière actualisation
  • Le résultat moyen est 11 sur 15
Statistiques - réponses
Par images Réponse % Correct
k (kaf)
88%
t
88%
d
81%
g
81%
h rond (ḫ : achtung)
81%
d souligne (d̲)
75%
h point (ḥ : muhammad)
75%
h souligné (ẖ : ich)
75%
q (Qof)
75%
s caron (ch/š)
75%
t souligne (ṯ tj/tch)
75%
h simple (h : how)
69%
s sonore (douze)
63%
s sourd (siffler)
56%
tj
56%
Aucun quiz correspondant
Distribution des résultats
% des personnes avec chaque résultat
Percentile par nombre de réponses
Votre historique - résultats
Vous n’avez pas pris ce quiz depuis la dernière actualisation